|
|
|
|
| LEADER |
00000nam a22000007a 4500 |
| 005 |
2021101504254.0 |
| 007 |
cr|||| |||| |
| 008 |
211015c20149999in tr|w s|||| 0|||b1eng d |
| 022 |
|
|
|a 2347-7970
|
| 035 |
|
|
|a 33809
|
| 040 |
|
|
|a vLex
|
| 090 |
|
|
|c 12577
|d 12577
|
| 245 |
0 |
0 |
|a Journal of Asian Security and International Affairs
|h [Recurso electrn̤ico] /
|
| 256 |
|
|
|a Servicio en ln̕ea
|
| 300 |
|
|
|a 1 recurso electrn̤ico
|
| 310 |
|
|
|a Cuatrimestral
|
| 362 |
|
|
|a Nð 1-1 (Abr 2014) -
|
| 506 |
1 |
|
|a Disponible solo en los productos indicados
|d vLex Global
|d vLex Global (Academic Edition, excluding Law Schools)
|d vLex Global (U.S. Academic Edition, Law Schools)
|d vLex Global (U.S. Academic Edition, excluding Law Schools)
|d vLex Global (Academic Edition, Law Schools)
|
| 650 |
0 |
4 |
|a Derecho Internacional
|z India
|
| 740 |
0 |
|
|a vLex Revistas (Servicio en ln̕ea)
|
| 856 |
4 |
0 |
|u https://app.vlex.com/#/sources/33809
|z Acceso restringido
|
| 942 |
|
|
|c REV
|
| 999 |
0 |
|
|a International right
|